000 01098nas a2200325 4500
001 BR2011003961
003 BR-BrBNA
005 20231205115511.0
007 ta
008 230509b bl.|||p| |||| 00| 00por d
040 _aBR-BrBNA
_bpor
_cBiblioteca Nacional de Agricultura
041 _a(Pt)
072 _aL73
100 1 _aSantos, J.C.M.
100 1 _aCampana, M.G.O.G.
100 1 _aMaia, T.A.C.
100 1 _aMoura, L.G.
100 1 _aAlves, J.N.M.
100 1 _aPenelue, T.
100 1 _aRibas, J.R.L.
245 1 _aCaracterização da raiva dos herbívoros no estado da Bahia, no período de 2006 a 2007 utilizando técnicas de geoprocessamento
246 1 _aCharacterization of rabies of herbivores in the State of Bahia, the period 2006 to 2007 using technologies of geoprocessing
650 _aANIMAL HERBÍVORO
650 _aRAIVA
650 _aSAÚDE PÚBLICA
650 _aBAHIA
773 0 _tVeterinária em Foco (Brazil)
_xISSN 1679-5237
_g(Jan-Jun 2009), v. 6(2) p. 128-133
_wBR2011003961
909 _a202311
_bLúcia
_c55
_dLúcia Elande
942 _2AGRIS
_n0
_cANA
999 _c214122
_d214122